000 00622nam a2200193 4500
001 132523
003 ES-MaACL
005 20251003063127.0
007 t|
008 070214s1921 fr r ||||1| fre d
100 1 _aRomains, Jules,
_d1885-1972
_999206
245 1 0 _aM. Le Trouhadec saisi par la débauche
_b: comedie en cinq actes /
_cJules Romains.
260 _aParis :
_bLa Nouvelle Revue Française,
_c1921.
300 _a114 p. ;
_c16 cm.
490 1 _aLes cahiers du vieux-colombier
830 0 _aLes cahiers du vieux-colombier
_9219654
852 _aES-MaACL
_j1659-F-14
999 _c132523
_d132523